|
|
|
|
| LEADER |
03713nam a22004093i 4500 |
| 001 |
EBC6956036 |
| 003 |
MiAaPQ |
| 005 |
20231204023223.0 |
| 006 |
m o d | |
| 007 |
cr cnu|||||||| |
| 008 |
231204s2018 xx o ||||0 ger d |
| 020 |
|
|
|a 9783839445761
|q (electronic bk.)
|
| 020 |
|
|
|z 9783837645767
|
| 035 |
|
|
|a (MiAaPQ)EBC6956036
|
| 035 |
|
|
|a (Au-PeEL)EBL6956036
|
| 035 |
|
|
|a (OCoLC)1054878853
|
| 040 |
|
|
|a MiAaPQ
|b eng
|e rda
|e pn
|c MiAaPQ
|d MiAaPQ
|
| 100 |
1 |
|
|a Rodatz, Christoph.
|
| 245 |
1 |
0 |
|a Was ist Public Interest Design? :
|b Beiträge zur Gestaltung öffentlicher Interessen.
|
| 250 |
|
|
|a 1st ed.
|
| 264 |
|
1 |
|a Bielefeld :
|b transcript,
|c 2018.
|
| 264 |
|
4 |
|c {copy}2018.
|
| 300 |
|
|
|a 1 online resource (413 pages)
|
| 336 |
|
|
|a text
|b txt
|2 rdacontent
|
| 337 |
|
|
|a computer
|b c
|2 rdamedia
|
| 338 |
|
|
|a online resource
|b cr
|2 rdacarrier
|
| 490 |
1 |
|
|a Public Interest Design
|
| 505 |
0 |
|
|a Cover -- Inhalt -- Was ist Public Interest Design? Problemfelder an der Schnittstelle von Politik, Gesellschaft und Design -- PUBLIC -- Das ›öffentliche Interesse‹. Über das ›Public‹ in Public Interest Design -- Die politischen Dimensionen des Public Interest Design. Zwischen Politik und dem Politischen -- Können Designer politisch handeln? Eine handlungstheoretische Überlegung mit Hartmut Rosa und Chantal Mouffe -- Ausstellung und Public Interest Design. Ausstellungsrhetorik am Beispiel des (fehlenden) Eisernen Kreuzes der ›Wehrmachtsausstellungen‹ -- Was kann Public Interest Design aus Sicht der Geschichtswissenschaften sein? -- Ist der Kioskbesitzer Public Interest Designer? -- Mach Dir deine Illusionen -- Von der Kunst lernen: Public Interest ›Performance‹.Kommentar zu Holger Bergmann -- Von Besetzern und Spielverderbern. Der Hybridraum Theater als öffentliche Sphäre -- INTEREST -- Sterbende Götter und freiheitsstiftende Ampeln. Was ist Public Interest Design? -- Interessen, Werte und Konflikte. Ethik im Public Interest Design -- Ästhetik und Rhetorik des Alltags. Ein Versuch über die Alltagsästhetik als Methode -- Salus Publica Suprema Lex. Über den Wert des Öffentlichen -- Parteiisches Design -- Individuelle Interessen und Public Interest Design -- Interessen erzählen -- Der Designer als Verwaltungsfachangesteller der Zukunft. Oder: Wie man mit Design Demokratie verteidigen und weiterentwickeln kann -- DESIGN -- Atmosphäre als Thema des Designs -- Asket, Aufklärer, Designer - Kommentar zu Gernot Böhme -- Modelloperationen. Zur Formierung gesellschaftlicher Wirklichkeiten -- Alte Theorie und aktuelle Relevanz. ›Neue Rhetorik‹ und öffentlicher Raum bei Aristoteles und Richard McKeon -- Public Interest Design. Oder die Sehnsucht nach einer gestalteten Daseinsvorsorge.
|
| 505 |
8 |
|
|a Gestaltete Gesellschaft? Gestaltende Gesellschaft? Fragestellungen zur Problematik des transformativen Designs -- Gestaltung der Digitalisierung. Gestaltung öffentlicher Interessen im digitalen Wandel vernetzter Gesellschaften -- Zur Öffentlichkeit im Datenraum -- Literatur.
|
| 588 |
|
|
|a Description based on publisher supplied metadata and other sources.
|
| 590 |
|
|
|a Electronic reproduction. Ann Arbor, Michigan : ProQuest Ebook Central, 2023. Available via World Wide Web. Access may be limited to ProQuest Ebook Central affiliated libraries.
|
| 655 |
|
4 |
|a Electronic books.
|
| 700 |
1 |
|
|a Smolarski, Pierre.
|
| 776 |
0 |
8 |
|i Print version:
|a Rodatz, Christoph
|t Was ist Public Interest Design?
|d Bielefeld : transcript,c2018
|z 9783837645767
|
| 797 |
2 |
|
|a ProQuest (Firm)
|
| 830 |
|
0 |
|a Public Interest Design
|
| 856 |
4 |
0 |
|u https://ebookcentral.proquest.com/lib/matrademy/detail.action?docID=6956036
|z Click to View
|